000 00811nam0a22002531 4500
001 rc\4981487
005 20260407014918.0
021 _aRU
_bРг2358-67
021 _aRU
_b66-83528
035 _a(NLR Aleph) 008968152
090 _a9107424
_c9107424
100 _a20130430d1966 |||y0rusy50 ca
101 0 _arus
102 _aRU
105 _ay z |||||
200 1 _aРуководство по подготовке изданий на экспортные товары
_fВ/О "Внешторгиздат"
210 _a[Москва]
_cБ. и.
_d[1966]
215 _a16 с.
_d22
712 0 2 _a"Внешторгиздат", всесоюзное об-ние
_3RU\NLR\AUTH\8810003355
_9503989
801 0 _aRU
_bNLR
_gpsbo
801 1 _aRU
_bELAR
_2rusmarc
852 _aNLR
_j67-6/2752
942 _cBOOK
980 _aNB